1831 1487 1165 1678 1703 1025 1210 1084 1380 1483 1753 1691 1097 1107 1113 1690 1429 1302 1377 1706 1034 1784 1322 1795 1132 1799 1996 1972 1439 1567 1204 1497 1433 1228 1781 1891 1666 1061 1544 1690 1133 1561 1979 1222 1611 1972 1045 1449 1268 1289 1612 1865 1856 1264 1781 1075 1444 1043 1168 1841 1055 1594 1281 1581 1720 1598 1050 1608 1388 1306 1828 1083 1018 1694 1393 1967 1347 1550 1603 1177 1000 1655 1238 1959 1136 1796 1646 1235 1006 1852 1465 1849 1378 1441 1529 1305 1394 1582 1222 BCNSPRNW ULIB Ver.6.0+V

เปลี่ยนเป็นภาษาไทย

Change to English
 แสดงรายละเอียดบรรณานุกรม
  กลับหน้าหลัก

Brief Record : Get Marc (ISO 2709) : E-mail record : QR code < ปิดหน้าต่าง
LEADER : 00000nam 2200000uu 4500
001    13399113803
003     ULIB
008    110627s||||||||th 000 0 tha d
020    9786167081571
090    นว.^bอ332ต มปป.
100 0  อรพรรณ
245 00 ตำนานรักบัลลังค์ไอยคุปต์/^cอรพรรณ
250    พิมพ์ครั้งที่ 1
260    กรุงเทพฯ :^bกรีนมายด์,^cมปป.
300    298 หน้า
710 1  กรีนมายด์
945    ^p229^l0^i028042
995    ทศพร
999 ^a ใช้งานได้ทุกระบบ
รายการนี้ยังไม่มีแท็ก
คุณยังไม่ได้ล็อกอิน คุณสามารถมีกิจกรรมร่วมกับเว็บไซต์ได้ แต่ต้องล็อกอินก่อน ::
  ล็อกอิน

รายการสื่อสารสนเทศ

ลำดับที่ ประเภท เลขเรียก/บาร์โค้ด สถานที่ สถานะ
1. นวนิยาย
นวนิยาย
นว. อ332ต มปป. ฉ.1 
  Barcode: 028042
ห้องสมุดวิทยาเขตสวรรค์ประชารักษ์
►นวนิยาย
บนชั้น
  ขอยืม

รายการใกล้เคียง
    ผู้แต่ง [อรพรรณ]

BibComment


ยังไม่เคยถูกคอมเมนท์

คอมเมนท์ทรัพยากรรายการนี้
  คอมเมนท์: ตำนานรักบัลลังค์ไ..


 Copyright 2026. Bcnsprnw @Library